000 00944nas a2200277 4500
001 BR9604567
003 BR-BrBNA
005 20231205095810.0
007 ta
008 230509b bl.|||p| |||| 00| 00por d
040 _aBR-BrBNA
_bpor
_cBiblioteca Nacional de Agricultura
041 _a(Es)
072 _aM12; L51
100 1 _aRamos-Henao, A.
100 1 _aGrajales, A.
245 1 _aNutricion de la cachama negra (Colossoma macropomum Pisces, Characidae)2. Niveles proteinicos e importancia relativa de la proteina animal, a partir del primer alevinaje
650 _aTambaqui
650 _aPeixe de Agua Doce
650 _aDieta
650 _aRacao
650 _aProteina
650 _aDigestibilidade
773 0 _tBoletim Tecnico - Departamento Nacional de Obras Contra as Secas (Brazil)
_xISSN 0374-6658
_g(1989-1994), v. 47-52(1-2) p. 27-41
_wBR9604567
909 _a202311
_bLúcia
_c55
_dLúcia Elande
942 _2AGRIS
_n0
_cANA
999 _c152773
_d152773